000 00367 a2200145 4500
999 _c5722
_d5722
020 _a0949981133
050 _aPL8745 MAK 1972
100 _aMakhuba, N.C.
245 _aByela Mina
_cNoel Casper Makhuba
264 _aKensington
_bThe Central Mission Press
_c1972
300 _a80p. :
500 _aVenda
650 _aVenda literature
942 _2lcc
_cBK
_h8745
_iMAK
_kPL